00634 2200193 4500245006100000020001800061250001100079100001700090700002200107700001900129650001700148005001900165260002600184041001400210084000800224300002900232500017000261336000900431 aHolland b : One Find Day in LeidencFeba SukmanahText a602-220-116-0 aCet. 1 aFeba Sukmana aWidyawati Oktavia aYulliya Febria aNovel Remaja a20231004143017 aJakartabBukunec2013 aIndonesia a813 aviii, 292 hlm. :c19 cm. aSejak menyejakkan kaki di Bandara Schiphol, Belanda, dan udara dingin menyambutnya, Kara tak lagi merasa asing. Mungkin, karena ia pun telah lama lupa dengan hangat. atext